000 00812nas a2200253 4500
001 BR2012007264
003 BR-BrBNA
005 20231205121225.0
007 ta
008 230509b bl.|||p| |||| 00| 00por d
040 _aBR-BrBNA
_bpor
_cBiblioteca Nacional de Agricultura
041 _a(Pt)
072 _aM11
100 1 _aMendonça, J.T.
100 1 _aPereira, A.L.C.
245 1 _aAvaliação das capturas de caranguejo-uçá Ucides cordatus no município de Iguapé, litoral sul de São Paulo, Brasil
650 _aCARANGUEJO-UÇÁ
650 _aCAPTURA
650 _aBIOMASSA
650 _aSÃO PAULO
773 0 _tBoletim do Instituto de Pesca (Brazil)
_xISSN 0046-9939
_g(Apr-Jun 2009), v. 35(2) p. 169-179
_wBR2012007264
909 _a202311
_bLúcia
_c55
_dLúcia Elande
942 _2AGRIS
_n0
_cANA
999 _c222415
_d222415